| 000 | 02085ncm0a2200349 4500 | ||
|---|---|---|---|
| 001 | RU\NLR\ONIZ\218596 | ||
| 005 | 20250626062634.0 | ||
| 035 | _aRU\NLR\ONIZ\Таня\5000004482\20170604155404 | ||
| 035 | _a(NLR Aleph) 011415088 | ||
| 071 | 2 | 0 | _aс 3525 к |
| 090 |
_a11580089 _c11580089 |
||
| 100 | _a20170604d2007 |||y0rusy50 ca | ||
| 101 | 0 |
_aeng _arus |
|
| 102 | _aRU | ||
| 125 | _azx | ||
| 145 | 0 | _ab | |
| 200 | 1 |
_aМузыка XX века в переложении для двух фортепиано _bНоты _dMusic of the 20ieth century arranged for two pianos _eучеб. пособие для использования в кл. фп. на разных этапах обучения _hВып. 1 _zeng _fсост. и авт. перелож. И. Г. Cтучинская |
|
| 210 |
_aСанкт-Петербург _cКомпозитор-Санкт-Петербург _d2007 |
||
| 215 |
_a86 c. _d29 см |
||
| 327 | 1 | _a1-2. Романс ; Отзвуки вальса : из муз. ил. к повести А. С. Пушкина "Метель". 3-4. Интермеццо ; Среди лугов и ручейков : из цикла "Песни и танцы старой Франции" / М. Чулаки. 5-8. Петербург. Салон княгини Бетси Тверской ; Танец Анны с четырьмя кавалерами ; Бал. Котильон ; Дворцовый церемониал : из балета "Анна Каренина" / Р. Щедрин. 9. Памятник Лидице / Б. Мартину | |
| 606 | 1 |
_aПереложения для двух фортепиано _2nlr_sh |
|
| 686 |
_aЩ952.424.49-09я43 _vLBC/SL _2rubbk |
||
| 700 | 1 |
_9z04790 _aCтучинская _bИ. Г. _gИда Григорьевна _4030 _4220 |
|
| 790 | 1 |
_9z04700 _aStuchinskaya _bI. G. _gIda Grigor`evna _4030 _4220 _7ba |
|
| 801 | 0 |
_aRU _bNLR _c20170604 _gPSBO |
|
| 801 | 1 |
_aRU _bNLR _c20170604 _2rusmarc |
|
| 801 | 2 |
_aRU _bNLR _c20181022 |
|
| 852 |
_aNLR _bМ _jК-3/28424(1) _p259148 _t1 |
||
| 942 | _cSCORE | ||
| 980 | _aNB | ||
| 980 | _aONIZ | ||